[Event "8 Player Open 6"]
[Site "SchemingMind.com"]
[Date "2014.07.03"]
[Round "-"]
[White "bobbassbone"]
[Black "JDan"]
[Result "1-0"]
[WhiteCountry "ENG"]
[BlackCountry "POL"]
[WhiteElo "1618"]
[WhiteRD "54"]
[BlackElo "1533"]
[BlackRD "51"]
[GameID "360945"]

1. d4 Nf6 2. Bg5 Ne4 3. Bf4 g5 4. Bg3 e6 5. e3 b6 6. Bd3 Nxg3 7. hxg3 Bb7 8. Nf3 g4 9. Nh4 f5 10. Ng6 hxg6
11. Rxh8
1-0

[Event "8 Player Open 6"]
[Site "SchemingMind.com"]
[Date "2014.07.03"]
[Round "-"]
[White "JDan"]
[Black "bobbassbone"]
[Result "0-1"]
[WhiteCountry "POL"]
[BlackCountry "ENG"]
[WhiteElo "1464"]
[WhiteRD "56"]
[BlackElo "1651"]
[BlackRD "56"]
[GameID "360946"]

1. e4 c6 2. c4 d5 3. exd5 cxd5 4. d4 Nf6 5. g3 e6 6. Bg2 Bb4+ 7. Nc3 Bxc3+ 8. bxc3 O-O 9. Qb3 b6 10. Ne2 Bb7
11. Nf4 dxc4 12. Qxc4 Bxg2 13. Nxg2 Nbd7 14. O-O Rc8 15. Qb3 Qe7 16. Ba3 Qe8 17. Bxf8 Qxf8 18. Ne3 Rc7 19. Rad1 Qd6 20. d5 Ne4
0-1

[Event "8 Player Open 6"]
[Site "SchemingMind.com"]
[Date "2014.07.08"]
[Round "-"]
[White "emvarela"]
[Black "bobbassbone"]
[Result "0-1"]
[WhiteCountry "ARG"]
[BlackCountry "ENG"]
[WhiteElo "1633"]
[WhiteRD "47"]
[BlackElo "1624"]
[BlackRD "58"]
[GameID "360958"]

1. e4 c6 2. d4 d5 3. Nc3 dxe4 4. Nxe4 Bf5 5. Ng3 Bg6 6. h4 h6 7. h5 Bh7 8. Nf3 e6 9. Bd3 Bxd3 10. Qxd3 Bb4+
11. c3 Bd6 12. Ne4 Nf6 13. Nxf6+ Qxf6 14. Be3 Nd7 15. O-O-O Qd8 16. Nd2 Qa5
0-1

[Event "8 Player Open 6"]
[Site "SchemingMind.com"]
[Date "2014.07.08"]
[Round "-"]
[White "bobbassbone"]
[Black "emvarela"]
[Result "0-1"]
[WhiteCountry "ENG"]
[BlackCountry "ARG"]
[WhiteElo "1638"]
[WhiteRD "57"]
[BlackElo "1627"]
[BlackRD "46"]
[GameID "360959"]

1. d4 Nf6 2. Bg5 Ne4 3. Bh4 g5 4. Bg3 Nxg3 5. hxg3 d5 6. e3 e6 7. Bd3 h6 8. Nf3 Nc6 9. c3 Bg7 10. Nbd2 Qf6
11. Qc2 e5 12. dxe5 Nxe5 13. Nxe5 Qxe5 14. Nf3 Qd6 15. O-O-O Bd7 16. Bc4 c6 17. e4 Be6 18. exd5 cxd5 19. Rhe1 O-O-O 20. Qa4 Qb6
21. Bf1 Bd7 22. Qc2 Rhe8 23. Rxe8 Rxe8 24. Bd3 Bg4 25. Bf5+ Bxf5 26. Qxf5+ Kb8 27. Nd4 Bxd4 28. Rxd4 Re2 29. Rd2 Rxd2 30. Qe5+ Qc7
31. Qe8+ Qc8 32. Qxc8+ Kxc8 33. Kxd2 Kd7 34. g4 Kd6 35. b4 b5 36. Kd3 Ke5 37. g3 f6 38. f3 a6 39. a3 f5 40. gxf5 h5
41. f6 Kxf6 42. Kd4 h4 43. gxh4 gxh4 44. Ke3 Kf5 45. Kf2 Kf4 46. Kg2 h3+ 47. Kxh3 Kxf3 48. Kh2 Ke3
0-1

[Event "8 Player Open 6"]
[Site "SchemingMind.com"]
[Date "2014.07.08"]
[Round "-"]
[White "emvarela"]
[Black "Simon Green"]
[Result "1-0"]
[WhiteCountry "ARG"]
[BlackCountry "ENG"]
[WhiteElo "1627"]
[WhiteRD "46"]
[BlackElo "1608"]
[BlackRD "55"]
[GameID "360989"]

1. e4 e6 2. d4 d5 3. Nc3 Nf6 4. e5 Nfd7 5. f4 c5 6. dxc5 Bxc5 7. Bb5 Nc6 8. Bxc6 bxc6 9. Qd3 O-O 10. Be3 Bxe3
11. Qxe3 Ba6 12. O-O-O Qb6 13. Qxb6 axb6 14. Nf3 Bb5 15. Nxb5 cxb5 16. Nd4 Rxa2 17. Nxb5 Rfa8 18. Nc3 Ra1+ 19. Kd2 Rxd1+ 20. Rxd1 Nc5
21. Ke3 f5 22. Nb5 Ra4 23. Rd4 Ra5 24. Nc7 Kf7 25. Rb4 Nd7 26. c4 dxc4 27. Rxc4 Rc5 28. Rxc5 bxc5 29. Kd3 h6 30. Kc4 g5
31. g3 g4 32. b4 cxb4 33. Kxb4 h5 34. Kb5 Ke7 35. Kc6
1-0

[Event "8 Player Open 6"]
[Site "SchemingMind.com"]
[Date "2014.07.08"]
[Round "-"]
[White "Simon Green"]
[Black "emvarela"]
[Result "1-0"]
[WhiteCountry "ENG"]
[BlackCountry "ARG"]
[WhiteElo "1597"]
[WhiteRD "56"]
[BlackElo "1633"]
[BlackRD "47"]
[GameID "360990"]

1. d4 Nf6 2. e3 d5 3. Bd3 e6 4. f4 c5 5. c3 cxd4 6. cxd4 Nc6 7. Bd2 Bb4 8. a3 Bxd2+ 9. Nxd2 O-O 10. Ngf3 a6
11. O-O b5 12. Ne5 Nxe5 13. fxe5 Nd7 14. Nf3 f6 15. exf6 Nxf6 16. Ne5 Nd7 17. Qh5 Nf6 18. Rxf6 Rxf6 19. Qxh7+ Kf8 20. Qh8+
1-0

[Event "8 Player Open 6"]
[Site "SchemingMind.com"]
[Date "2014.07.03"]
[Round "-"]
[White "Simon Green"]
[Black "bobbassbone"]
[Result "1-0"]
[WhiteCountry "ENG"]
[BlackCountry "ENG"]
[WhiteElo "1558"]
[WhiteRD "55"]
[BlackElo "1618"]
[BlackRD "54"]
[GameID "360991"]

1. d4 c6 2. e3 d5 3. Bd3 Nf6 4. f4 Bg4 5. Nf3 e6 6. Nbd2 Bb4 7. c3 Ba5 8. b4 Bb6 9. O-O Nbd7 10. Qe1 Qc7
11. Ne5 Bh5 12. Qg3 Bg6 13. Bxg6 hxg6 14. Ndf3 Ne4 15. Qg4 O-O-O 16. Nxf7 Ndf6 17. Qxg6 Nxc3 18. Nxh8 Rxh8 19. Qd3 Nfe4 20. Ne5 Qe7
21. Ng6 Rh6 22. Ne5 Qh4 23. Nf3 Qf6 24. Bd2 Nxd2 25. Nxd2 Nb5 26. a4 Nd6 27. Rac1 Kb8 28. b5 Qh4 29. Nf3 Qf6 30. bxc6 bxc6
31. Rxc6 Qd8 32. Rfc1 Nc4 33. Ne5 Nxe5 34. dxe5 Rh8 35. Rxe6 Rf8 36. Rd6
1-0

[Event "8 Player Open 6"]
[Site "SchemingMind.com"]
[Date "2014.07.08"]
[Round "-"]
[White "bobbassbone"]
[Black "Simon Green"]
[Result "1-0"]
[WhiteCountry "ENG"]
[BlackCountry "ENG"]
[WhiteElo "1618"]
[WhiteRD "54"]
[BlackElo "1558"]
[BlackRD "55"]
[GameID "360992"]

1. d4 e6 2. Bf4 d5 3. e3 c5 4. c3 c4 5. Nd2 Nf6 6. h3 Nc6 7. Ngf3 Be7 8. Be2 O-O 9. Qc2 h6 10. g4 g5
11. Bh2 Bd6 12. h4 Bxh2 13. Nxh2 e5 14. hxg5 hxg5 15. dxe5 Nxe5 16. f4 gxf4 17. exf4 Nd3+ 18. Bxd3 cxd3 19. Qxd3 Re8+ 20. Kd1 Kg7
21. g5 Rh8 22. gxf6+ Qxf6 23. Rg1+ Kf8 24. Nhf3 Be6 25. Nd4 Qxf4 26. Nxe6+ fxe6 27. Rf1 Qxf1+ 28. Nxf1 Ke7 29. Kc2 Kd6 30. Re1 Rae8
31. Qb5 b6 32. Qb4+ Kd7 33. Qb5+ Kc7 34. Ne3
1-0

[Event "8 Player Open 6"]
[Site "SchemingMind.com"]
[Date "2014.07.03"]
[Round "-"]
[White "Simon Green"]
[Black "JDan"]
[Result "0-1"]
[WhiteCountry "ENG"]
[BlackCountry "POL"]
[WhiteElo "1558"]
[WhiteRD "55"]
[BlackElo "1533"]
[BlackRD "51"]
[GameID "360993"]

1. d4 Nf6 2. e3 e6 3. Bd3 b6 4. f4 Bb7 5. Nf3 Bb4+ 6. c3 Be7 7. O-O O-O 8. Nbd2 c5 9. Qe1 d5 10. Ne5 Nc6
11. b3 Nxe5 12. fxe5 Nd7 13. e4 f6 14. exf6 Bxf6 15. e5 Bh4 16. g3 Bg5 17. Rxf8+ Qxf8 18. Nf1 Bxc1 19. Rxc1 Qf3 20. Qe2 Qxe2
21. Bxe2 Rc8 22. Rd1 a6 23. Ne3 b5 24. Bg4 Nf8 25. Rf1 Rc6 26. Bh5 g6 27. Be2 h6 28. h4 b4 29. dxc5 bxc3 30. Nc2 Rxc5
31. Rf4 Bc6 32. Bxa6 Nd7 33. Bc8 Nxe5 34. Bxe6+ Kg7 35. b4 Rc4 36. Rxc4 Nxc4 37. Nd4 Bb7 38. Nb5 c2
0-1

[Event "8 Player Open 6"]
[Site "SchemingMind.com"]
[Date "2014.07.03"]
[Round "-"]
[White "JDan"]
[Black "Simon Green"]
[Result "0-1"]
[WhiteCountry "POL"]
[BlackCountry "ENG"]
[WhiteElo "1533"]
[WhiteRD "51"]
[BlackElo "1558"]
[BlackRD "55"]
[GameID "360994"]

1. e4 e6 2. f4 d5 3. e5 c5 4. Nf3 Nc6 5. b3 Nge7 6. Ba3 b6 7. Bd3 g6 8. O-O Nf5 9. Bb5 Bd7 10. Bxc6 Bxc6
11. d4 Ne3 12. Qd3 Nxf1 13. Qxf1 Be7 14. Nbd2 O-O 15. c4 dxc4 16. Nxc4 Bxf3 17. Qxf3 Qxd4+
0-1

[Event "8 Player Open 6"]
[Site "SchemingMind.com"]
[Date "2014.07.09"]
[Round "-"]
[White "alexyongpohweng"]
[Black "Simon Green"]
[Result "0-1"]
[WhiteCountry "MAS"]
[BlackCountry "ENG"]
[WhiteElo "1203"]
[WhiteRD "51"]
[BlackElo "1594"]
[BlackRD "54"]
[GameID "361037"]

1. e4 e6 2. d4 d5 3. e5 c5 4. dxc5 Bxc5 5. Nf3 Nc6 6. Bb5 Bd7 7. O-O Nge7 8. Bxc6 Nxc6 9. Nc3 Qc7 10. Bd2 Nxe5
11. Nxe5 Qxe5 12. g3 O-O 13. Re1 Qf6 14. Rf1 Bc6 15. Ne2 d4 16. c3 Qf3
0-1

[Event "8 Player Open 6"]
[Site "SchemingMind.com"]
[Date "2014.07.10"]
[Round "-"]
[White "Simon Green"]
[Black "alexyongpohweng"]
[Result "1-0"]
[WhiteCountry "ENG"]
[BlackCountry "MAS"]
[WhiteElo "1597"]
[WhiteRD "56"]
[BlackElo "1148"]
[BlackRD "51"]
[GameID "361038"]

1. d4 d5 2. e3 Nf6 3. Bd3 g6 4. f4 Bg7 5. Nf3 O-O 6. O-O c6 7. Nbd2 Bg4 8. Qe1 Bxf3 9. Nxf3 b5 10. c3 a5
11. Ne5 e6 12. a3 Qb6 13. Bd2 Nbd7 14. b4 axb4 15. axb4 Nxe5 16. fxe5 Ne4 17. Bxe4 dxe4 18. Qh4 f6 19. exf6
1-0

[Event "8 Player Open 6"]
[Site "SchemingMind.com"]
[Date "2014.07.05"]
[Round "-"]
[White "alexyongpohweng"]
[Black "bobbassbone"]
[Result "0-1"]
[WhiteCountry "MAS"]
[BlackCountry "ENG"]
[WhiteElo "1203"]
[WhiteRD "51"]
[BlackElo "1651"]
[BlackRD "56"]
[GameID "361039"]

1. e4 c6 2. d4 d5 3. e5 Bf5 4. Nf3 h6 5. h3 e6 6. Be2 Bb4+ 7. c3 Ba5 8. b4 Bb6 9. a4 Nd7 10. a5 Bc7
11. g4 Bh7 12. O-O Ne7 13. Na3 b6 14. axb6 axb6 15. Nc2 Bxc2 16. Qxc2 Rxa1 17. Bb2 Rxf1+ 18. Bxf1 O-O 19. Bd3 f6 20. exf6 Nxf6
21. Ne5 Bxe5 22. dxe5 Nd7 23. f3 Rxf3 24. Kg2 Nxe5 25. Be2 Rf7 26. Qd1 Qf8 27. Qa1 Rf2+ 28. Kg1 Rxe2
0-1

[Event "8 Player Open 6"]
[Site "SchemingMind.com"]
[Date "2014.07.06"]
[Round "-"]
[White "bobbassbone"]
[Black "alexyongpohweng"]
[Result "1-0"]
[WhiteCountry "ENG"]
[BlackCountry "MAS"]
[WhiteElo "1618"]
[WhiteRD "54"]
[BlackElo "1240"]
[BlackRD "45"]
[GameID "361040"]

1. d4 d5 2. Bf4 Nf6 3. e3 e6 4. c3 g6 5. Nf3 Bg7 6. Be2 O-O 7. Nbd2 Nc6 8. h4 Nh5 9. Bh2 Nf6 10. h5 Nxh5
11. g4 Nf6 12. Ne5 Nxe5 13. Bxe5 Nd7 14. Bxg7 Kxg7 15. Nf3 h6 16. Qc2 f5 17. gxf5 exf5 18. O-O-O g5 19. Rdg1 Qf6 20. Qb3 c6
21. Qc2 Kf7 22. Rh5 Rh8 23. Rgh1 g4 24. Rxf5
1-0

[Event "8 Player Open 6"]
[Site "SchemingMind.com"]
[Date "2014.07.05"]
[Round "-"]
[White "alexyongpohweng"]
[Black "JDan"]
[Result "0-1"]
[WhiteCountry "MAS"]
[BlackCountry "POL"]
[WhiteElo "1102"]
[WhiteRD "55"]
[BlackElo "1416"]
[BlackRD "65"]
[GameID "361041"]

1. e4 e6 2. d4 c5 3. dxc5 Bxc5 4. Be3 Bxe3 5. fxe3 Qh4+ 6. g3 Qxe4 7. Nf3 Qb4+ 8. Nbd2 Qxb2 9. Qc1 Qxc1+ 10. Rxc1 b6
11. Bg2 Bb7 12. O-O Nf6 13. Rfe1 O-O 14. c4 d5 15. cxd5 Nxd5 16. e4 Nb4 17. Rc7 Bc6 18. a3 Nd3 19. Rb1 Na6 20. Rxc6 Rad8
21. Rc3 Ndc5 22. Nc4 Nxe4 23. Rc2 Nac5
0-1

[Event "8 Player Open 6"]
[Site "SchemingMind.com"]
[Date "2014.07.06"]
[Round "-"]
[White "JDan"]
[Black "alexyongpohweng"]
[Result "1-0"]
[WhiteCountry "POL"]
[BlackCountry "MAS"]
[WhiteElo "1533"]
[WhiteRD "51"]
[BlackElo "1240"]
[BlackRD "45"]
[GameID "361042"]

1. e4 e5 2. f4 exf4 3. Nf3 Nf6 4. Nc3 Be7 5. d4 O-O 6. Bxf4 Nc6 7. Bd3 d6 8. O-O b6 9. a3 Bb7 10. Ng5 Nxd4
11. e5 dxe5 12. Bxe5 Ne6 13. Nxe6 fxe6 14. Bxf6 Bxf6 15. Qh5 h6 16. Ne4 Bxe4 17. Bxe4 Rc8 18. Qg6 Rf7 19. Qh7+ Kf8 20. Rad1 Ke8
21. Rxd8+
1-0

[Event "8 Player Open 6"]
[Site "SchemingMind.com"]
[Date "2014.07.06"]
[Round "-"]
[White "Greg Magne"]
[Black "alexyongpohweng"]
[Result "1-0"]
[WhiteCountry "CAN"]
[BlackCountry "MAS"]
[WhiteElo "1886"]
[WhiteRD "84"]
[BlackElo "1203"]
[BlackRD "51"]
[GameID "361068"]

1. e4 e5 2. Nf3 d6 3. d4 exd4 4. Nxd4 Nf6 5. Nc3 Be7 6. Be2 O-O 7. O-O c5 8. Nb3 a6 9. f4 b5 10. Bf3 Bb7
11. e5 dxe5 12. Bxb7 Ra7 13. fxe5 Qxd1 14. Rxd1 Rxb7 15. exf6 Bxf6 16. Nxc5 Rc7 17. N5e4 b4 18. Nxf6+ gxf6 19. Nd5 Rxc2 20. Nxb4 Rcc8
21. Bh6 Rfe8 22. Nd5 Re6 23. Rd3 Nc6 24. Rg3+ Kh8 25. Bg7+ Kg8 26. Nxf6+
1-0

[Event "8 Player Open 6"]
[Site "SchemingMind.com"]
[Date "2014.07.06"]
[Round "-"]
[White "alexyongpohweng"]
[Black "Greg Magne"]
[Result "0-1"]
[WhiteCountry "MAS"]
[BlackCountry "CAN"]
[WhiteElo "1148"]
[WhiteRD "51"]
[BlackElo "1900"]
[BlackRD "84"]
[GameID "361069"]

1. e4 e5 2. Qh5 d6 3. Bc4 Qe7 4. Qf3 Nc6 5. Nc3 Nd4 6. Qd1 c6 7. Be2 f5 8. exf5 Bxf5 9. d3 Nf6 10. Nf3 Nxe2
11. Nxe2 O-O-O 12. O-O h6 13. c3 g5 14. Rb1 Bg7 15. Be3 Kb8 16. d4 e4 17. Nd2 g4 18. Ng3 Bg6 19. f4 gxf3 20. gxf3 exf3
21. Qxf3 Rdf8 22. Qe2 Rhg8 23. Nf5 Bxf5 24. Rxf5 Nd5 25. Rxf8+ Qxf8
0-1

[Event "8 Player Open 6"]
[Site "SchemingMind.com"]
[Date "2014.07.10"]
[Round "-"]
[White "Greg Magne"]
[Black "emvarela"]
[Result "1-0"]
[WhiteCountry "CAN"]
[BlackCountry "ARG"]
[WhiteElo "1926"]
[WhiteRD "83"]
[BlackElo "1627"]
[BlackRD "46"]
[GameID "361070"]

1. d4 Nf6 2. c4 e6 3. Nc3 Bb4 4. Qc2 O-O 5. a3 Bxc3+ 6. Qxc3 d5 7. Bg5 h6 8. Bh4 dxc4 9. Qxc4 Nbd7 10. e4 g5
11. Bg3 c6 12. Bd3 Qb6 13. Rb1 Qa5+ 14. Qc3 Qxc3+ 15. bxc3 Nb6 16. Ne2 Nbd7 17. O-O Nb6 18. f4 Nh7 19. fxg5 hxg5 20. h4 f5
21. exf5 exf5 22. Be5 Nd5 23. Ng3 Nxc3 24. Bc4+ Nd5 25. hxg5 Nxg5 26. Nh5 Ne4 27. Nf4 Nc3 28. Rb3 Kh7 29. Rf3 Nxf4 30. Rxf4 Nd5
31. Bxd5 cxd5 32. Rg3
1-0

[Event "8 Player Open 6"]
[Site "SchemingMind.com"]
[Date "2014.07.10"]
[Round "-"]
[White "emvarela"]
[Black "Greg Magne"]
[Result "0-1"]
[WhiteCountry "ARG"]
[BlackCountry "CAN"]
[WhiteElo "1627"]
[WhiteRD "46"]
[BlackElo "1926"]
[BlackRD "83"]
[GameID "361071"]

1. e4 c5 2. Nf3 d6 3. d4 cxd4 4. Nxd4 Nf6 5. Nc3 a6 6. Be2 b5 7. a3 Bb7 8. Be3 Nxe4 9. Nxe4 Bxe4 10. Bf3 Bxf3
11. Qxf3 Nd7 12. O-O Rc8 13. Rfe1 Ne5 14. Qe2 g6 15. f4 Nc4 16. b3 Nxe3 17. Qxe3 Bg7 18. c3 O-O 19. Rac1 e5 20. fxe5 dxe5
21. Nf3 Re8 22. Red1 Qa5 23. a4 bxa4 24. bxa4 Qxa4 25. Ra1 Qc6 26. Rdc1 e4 27. Nd4 Qc4 28. Ne2 Qd3 29. Kf2 Re5 30. Qxd3 exd3
31. Nd4 Rec5 32. Rxa6 Bxd4+
0-1

[Event "8 Player Open 6"]
[Site "SchemingMind.com"]
[Date "2014.07.09"]
[Round "-"]
[White "Greg Magne"]
[Black "Simon Green"]
[Result "1-0"]
[WhiteCountry "CAN"]
[BlackCountry "ENG"]
[WhiteElo "1886"]
[WhiteRD "84"]
[BlackElo "1594"]
[BlackRD "54"]
[GameID "361072"]

1. e4 e6 2. d4 d5 3. Nc3 Nf6 4. e5 Nfd7 5. f4 c5 6. Nf3 Nc6 7. Be3 c4 8. Qd2 Bb4 9. Be2 a6 10. O-O-O O-O
11. g4 Bxc3 12. Qxc3 b5 13. a3 a5 14. f5 Nb6 15. f6 b4 16. Qe1 bxa3 17. bxa3 a4 18. Qh4 gxf6 19. exf6 Nd7 20. Qg5+
1-0

[Event "8 Player Open 6"]
[Site "SchemingMind.com"]
[Date "2014.07.10"]
[Round "-"]
[White "Simon Green"]
[Black "Greg Magne"]
[Result "1-0"]
[WhiteCountry "ENG"]
[BlackCountry "CAN"]
[WhiteElo "1594"]
[WhiteRD "54"]
[BlackElo "1886"]
[BlackRD "84"]
[GameID "361073"]

1. d4 d5 2. e3 Nf6 3. Bd3 c5 4. c3 e6 5. f4 Nbd7 6. Nf3 b6 7. O-O Bb7 8. Nbd2 Qc7 9. Ne5 h5 10. Ndf3 Ng4
11. h3 Ngxe5 12. fxe5 O-O-O 13. Ng5 Nb8 14. Nxf7 Be7 15. Nxd8 Qxd8 16. Qe2 Qe8 17. e4 Nd7 18. exd5 exd5 19. Bb5 Qd8 20. Rf7 g5
21. e6 Nf6 22. Bxg5 Rg8 23. Bxf6 Bxf6 24. e7
1-0

[Event "8 Player Open 6"]
[Site "SchemingMind.com"]
[Date "2014.07.05"]
[Round "-"]
[White "Greg Magne"]
[Black "bobbassbone"]
[Result "1-0"]
[WhiteCountry "CAN"]
[BlackCountry "ENG"]
[WhiteElo "1942"]
[WhiteRD "86"]
[BlackElo "1618"]
[BlackRD "54"]
[GameID "361074"]

1. d4 c6 2. e4 d5 3. Nc3 dxe4 4. Nxe4 Bf5 5. Ng3 Bg6 6. Nf3 h6 7. h4 e6 8. h5 Bh7 9. Bd3 Bxd3 10. Qxd3 Bb4+
11. c3 Ba5 12. Bf4 Nf6 13. O-O-O Nbd7 14. Rhe1 O-O 15. Ne5 Bc7 16. Qf3 Nd5 17. Bd2 Bxe5 18. dxe5 N7b6 19. b3 Qc7 20. Kb2 Rad8
21. Re4 Rd7 22. Rg4 Qxe5 23. Bxh6
1-0

[Event "8 Player Open 6"]
[Site "SchemingMind.com"]
[Date "2014.07.05"]
[Round "-"]
[White "bobbassbone"]
[Black "Greg Magne"]
[Result "0-1"]
[WhiteCountry "ENG"]
[BlackCountry "CAN"]
[WhiteElo "1618"]
[WhiteRD "54"]
[BlackElo "1942"]
[BlackRD "86"]
[GameID "361075"]

1. d4 d5 2. Bf4 c5 3. c3 Nc6 4. e3 Nf6 5. Bd3 g6 6. Nf3 Nh5 7. Bg3 Nxg3 8. hxg3 Bg4 9. Nbd2 Bg7 10. Qb3 O-O
11. Qxb7 Qd6 12. Qb3 c4 13. Nxc4 dxc4 14. Bxc4 Na5 15. Qa4 Nxc4 16. Qxc4 Rfc8 17. Qd3 e5 18. Rd1 exd4 19. O-O Qb6 20. Rd2 dxc3
21. bxc3 Rxc3 22. Qd5 Rac8 23. Nh2 Be6 24. Qe4 Rc1 25. Rdd1 Qb2 26. Rxc1 Rxc1
0-1

[Event "8 Player Open 6"]
[Site "SchemingMind.com"]
[Date "2014.07.06"]
[Round "-"]
[White "Greg Magne"]
[Black "JDan"]
[Result "1-0"]
[WhiteCountry "CAN"]
[BlackCountry "POL"]
[WhiteElo "1942"]
[WhiteRD "86"]
[BlackElo "1533"]
[BlackRD "51"]
[GameID "361076"]

1. e4 e6 2. d4 c5 3. Nf3 d5 4. e5 Qb6 5. c3 Nc6 6. Bd3 Bd7 7. O-O Be7 8. b3 cxd4 9. Bb2 dxc3 10. Nxc3 f6
11. exf6 Nxf6 12. Qe2 O-O 13. Rfe1 e5 14. Nxe5 Nd4 15. Qe3 Bc5 16. Nxd7 Nxd7 17. Nxd5 Qd6 18. Bxd4 Bxd4 19. Qxd4 Nc5 20. Ne7+ Kh8
21. Qxd6
1-0

[Event "8 Player Open 6"]
[Site "SchemingMind.com"]
[Date "2014.07.05"]
[Round "-"]
[White "JDan"]
[Black "Greg Magne"]
[Result "0-1"]
[WhiteCountry "POL"]
[BlackCountry "CAN"]
[WhiteElo "1408"]
[WhiteRD "58"]
[BlackElo "1900"]
[BlackRD "84"]
[GameID "361077"]

1. e4 Nf6 2. e5 Nd5 3. c4 Nb6 4. d4 d6 5. f4 dxe5 6. fxe5 Nc6 7. Nf3 Bg4 8. Be3 g6 9. c5 Nd5 10. Bg5 Bg7
11. Bc4 h6 12. Bd2 Nxd4 13. Qa4+ Nc6 14. Nc3 Nxc3 15. Bxc3 O-O 16. O-O Bxf3 17. Rxf3 Nxe5 18. Bxe5 Bxe5 19. Raf1 Bf6 20. b4 c6
21. Rh3 Kg7 22. Qb3 a5 23. a3 axb4 24. axb4 Ra1 25. Rxa1 Qd4+
0-1

[Event "8 Player Open 6"]
[Site "SchemingMind.com"]
[Date "2014.07.05"]
[Round "-"]
[White "Greg Magne"]
[Black "berns"]
[Result "1-0"]
[WhiteCountry "CAN"]
[BlackCountry "ENG"]
[WhiteElo "1900"]
[WhiteRD "84"]
[BlackElo "1646"]
[BlackRD "73"]
[GameID "361105"]

1. e4 e5 2. Nf3 Nc6 3. Bb5 a6 4. Ba4 b5 5. Bb3 d6 6. a4 bxa4 7. Rxa4 Bg4 8. c3 g6 9. Bd5 Nge7 10. Bxf7+ Kxf7
11. Ng5+ Kg8 12. Qxg4 Qc8 13. Qf3 Qe8 14. b4 h6 15. Ne6 Rh7 16. Nxc7 Qc8 17. Nxa8 Qxa8 18. b5 Qb7 19. bxc6 Qxb1 20. O-O Qb5
21. Ra2 Nxc6 22. Qg4 Qc4 23. Rb2 g5 24. Qc8 Qa4 25. Rb6 Ne7 26. Qxa6 Qxe4 27. d3 Qf5 28. Rxd6 Rf7 29. c4 Ng6 30. Rxg6+ Kh7
31. Re6 Bc5 32. Rxh6+ Kg7 33. Be3 Bxe3 34. Qg6+ Qxg6 35. Rxg6+ Kxg6 36. fxe3 Rd7 37. Rd1 e4 38. d4 Ra7 39. c5 Kf6 40. Kf2 Ra2+
41. Kg3 Re2 42. d5 Ke7 43. d6+ Kd8 44. c6 Rc2 45. c7+ Kd7 46. h4 gxh4+ 47. Kxh4 Rxg2 48. Rc1 Rg8 49. Kh5 Rh8+ 50. Kg6 Re8
51. Kf5 Rc8 52. Ke5 Re8+ 53. Kd5 Ra8 54. c8=Q+ Rxc8 55. Rxc8 Kxc8 56. Kxe4 Kd7 57. Kd5 Ke8 58. e4 Kd7 59. e5 Ke8 60. e6 Kd8
61. Kc6 Kc8 62. e7 Kb8 63. d7 Ka8 64. d8=R+ Ka7 65. e8=R
1-0

[Event "8 Player Open 6"]
[Site "SchemingMind.com"]
[Date "2014.07.06"]
[Round "-"]
[White "berns"]
[Black "Greg Magne"]
[Result "0-1"]
[WhiteCountry "ENG"]
[BlackCountry "CAN"]
[WhiteElo "1609"]
[WhiteRD "76"]
[BlackElo "1886"]
[BlackRD "84"]
[GameID "361106"]

1. e4 e6 2. Nf3 d5 3. Nc3 c5 4. d3 Nc6 5. g3 Nf6 6. Bg5 Be7 7. Bh3 Nxe4 8. Nxe4 dxe4 9. dxe4 Bxg5 10. Qxd8+ Bxd8
11. O-O O-O 12. Rad1 Bc7 13. Rd2 Rd8 14. Rxd8+ Bxd8 15. Rd1 Be7 16. Bf1 a6 17. a3 b5 18. c3 Kf8 19. Nh4 Ke8 20. Nf3 Bb7
21. b4 Rd8 22. Rxd8+ Kxd8 23. Nd2 Kc7 24. f4 Kb6 25. Kg2 cxb4 26. cxb4 a5 27. bxa5+ Nxa5 28. Kf3 Bxa3 29. Ke2 Nc4 30. Nxc4+ bxc4
31. Kd2 Kc5 32. Kc3 Bb4+ 33. Kc2 Bxe4+ 34. Kc1 Kd4 35. Kd1 c3 36. Kc1 Ba3+
0-1

[Event "8 Player Open 6"]
[Site "SchemingMind.com"]
[Date "2014.07.06"]
[Round "-"]
[White "alexyongpohweng"]
[Black "berns"]
[Result "0-1"]
[WhiteCountry "MAS"]
[BlackCountry "ENG"]
[WhiteElo "1203"]
[WhiteRD "51"]
[BlackElo "1609"]
[BlackRD "76"]
[GameID "361107"]

1. e4 e5 2. Qh5 Nc6 3. Bc4 g6 4. Qf3 f6 5. Bxg8 Rxg8 6. Qb3 Rg7 7. Nf3 b6 8. O-O Ba6 9. Qc3 Bxf1 10. Kxf1 Qe7
11. d3 Qb4 12. Qxb4 Bxb4 13. c3 Be7 14. Bh6 Rf7 15. Be3 O-O-O 16. Na3 Bxa3 17. bxa3 h5 18. d4 exd4 19. cxd4 Rg8 20. d5 Ne5
21. Nxe5 fxe5 22. f3 d6 23. Ke2 g5 24. g3 g4 25. fxg4 hxg4 26. Bf2 Kb7 27. Be3 Rh8 28. Rh1 c6 29. dxc6+ Kxc6 30. h4 gxh3
0-1

[Event "8 Player Open 6"]
[Site "SchemingMind.com"]
[Date "2014.07.07"]
[Round "-"]
[White "berns"]
[Black "alexyongpohweng"]
[Result "1-0"]
[WhiteCountry "ENG"]
[BlackCountry "MAS"]
[WhiteElo "1606"]
[WhiteRD "73"]
[BlackElo "1240"]
[BlackRD "45"]
[GameID "361108"]

1. e4 e5 2. Nf3 d6 3. Bc4 Bg4 4. h3 Bxf3 5. Qxf3 Nf6 6. d3 Nc6 7. c3 a6 8. Bg5 Be7 9. Nd2 O-O 10. O-O-O h6
11. Bxf6 Bxf6 12. g4 Ne7 13. h4 b5 14. Bb3 Nc6 15. Qh3 a5 16. Bd5 Qd7 17. Bxc6 Qxc6 18. g5 Bd8 19. gxh6 gxh6 20. Rdg1+ Kh8
21. Qg4
1-0

[Event "8 Player Open 6"]
[Site "SchemingMind.com"]
[Date "2014.07.10"]
[Round "-"]
[White "emvarela"]
[Black "berns"]
[Result "0-1"]
[WhiteCountry "ARG"]
[BlackCountry "ENG"]
[WhiteElo "1633"]
[WhiteRD "47"]
[BlackElo "1646"]
[BlackRD "73"]
[GameID "361109"]

1. e4 e5 2. Nf3 Nc6 3. d4 exd4 4. c3 dxc3 5. Bc4 cxb2 6. Bxb2 f6 7. Qd5 Qe7 8. Ba3 d6 9. Nd4 Nxd4 10. Qxd4 Bf5
11. Nc3 c6 12. Bxd6 Qxd6 13. Qxd6 Bxd6 14. exf5 Ne7 15. O-O Nxf5 16. Rfe1+ Be7 17. Bd3 Nd4 18. Re4 Rd8 19. Rae1 Rd7 20. Ne2 Nxe2+
21. Bxe2 g6 22. Bc4 f5 23. f4 fxe4
0-1

[Event "8 Player Open 6"]
[Site "SchemingMind.com"]
[Date "2014.07.10"]
[Round "-"]
[White "berns"]
[Black "emvarela"]
[Result "1/2-1/2"]
[WhiteCountry "ENG"]
[BlackCountry "ARG"]
[WhiteElo "1679"]
[WhiteRD "73"]
[BlackElo "1627"]
[BlackRD "46"]
[GameID "361110"]

1. e4 e5 2. b3 Nf6 3. Bb2 d6 4. Nf3 Nc6 5. Bb5 Bd7 6. d3 a6 7. Bxc6 Bxc6 8. Na3 b5 9. c4 bxc4 10. Nxc4 Be7
11. Qe2 O-O 12. Rc1 Bb5 13. a4 Bxc4 14. dxc4 c5 15. O-O Qb6 16. Rc3 Qc6 17. Nd2 h6 18. Rh3 Nh7 19. Qg4 Ng5 20. Rd3 Ne6
21. Rg3 Kh7 22. Bc1 Bf6 23. Nf3 Rab8 24. Nh4 Rg8 25. Nf5 Nd4 26. Rd1 Rxb3 27. Rxb3 Nxb3 28. Be3 Nd4 29. Bxd4 cxd4 30. h4 Qxc4
31. Nxd6 Qe6 32. Qxe6 fxe6 33. h5 Rd8 34. Nb7 Rd7 35. Nc5 Rd6 36. g3 Be7 37. Kf1 Rc6 38. Nd3 Bd6 39. f4 exf4 40. gxf4 Rc3
41. Ke2 Ra3 42. Nb2 e5 43. fxe5 Bxe5 44. Nc4 Ra2+ 45. Rd2 Rxd2+ 46. Kxd2 Bc7 47. Kd3 g5 48. e5 Kg7 49. Ke4 Kf7 50. Kxd4 Ke6
51. Ke4=
1/2-1/2